| 000 | 00453nam a2200193Ia 4500 | ||
|---|---|---|---|
| 005 | 20250603145020.0 | ||
| 008 | 250603s9999 xx 000 0 und d | ||
| 020 | _a81-219-0127-8 | ||
| 050 | _aTA 683 .S56/ | ||
| 100 | _aSinha, N.C. | ||
| 245 | 0 | _aFundamentals of reinforced concrete | |
| 250 | _a4th ed. | ||
| 260 | _aNew Delhi | ||
| 260 | _bS.Chand & Company Ltd | ||
| 260 | _c2007 | ||
| 300 | _a1146 p | ||
| 650 | _aNew Delhi | ||
| 942 | _cBK | ||
| 999 |
_c40621 _d40621 |
||